Warrior Cats Trivia - Statistics

General Stats
  • This quiz has been taken 210 times
  • The average score is 9 of 20
Answer Stats
Question Answer % Correct
What was Firestar's name as a kittypet? Rusty
99%
Medicine cats are not allowed to have a _____. Mate
69%
What was Shadowstar's name before he became Shadowstar? Tall Shadow
66%
What is Firestar's dad called? Jake
60%
_____, a ThunderClan leader, left the clan to become a kittypet. Pinestar
59%
When it floods, RiverClan dens are designed to _____. Float
56%
Who is the "impostor"? Ashfur
55%
Who made ShadowClan lose faith in StarClan? Sol
53%
The Tribe of Rushing Water's leader is called _____. Teller of the Pointed Stones (Stoneteller)
53%
Who was Stormfur's mate? Brook where Small Fish Swim (Brook)
52%
What do Tribe cats call mountain lions? Sharptooth
51%
What did Bramblestar call the cats who went into the Dark Forest to defeat Ashfur? Lights in the Mist
31%
Who is Gray Wing's, Clear Sky's, and Jagged Peak's mother? Quiet Rain
30%
What nickname did Shrewkit give Tallkit? Wormkit
30%
What was Hopkit's warrior name? (from WindClan) Deadfoot
29%
Who first gave Firestar the "There will be three, kin of your kin, who hold the power of the stars in their paws" prophecy? Skywatcher
24%
In the old forest, ShadowClan cats are rumoured to be evil because _________ blow over their hearts. Cold winds
19%
What herb is used to cure yellowcough? (Hint: It's found on the moor) Lungwort
15%
Name ThunderClan's special skill Courage
12%
What do Clan cats call barbed wire? Silverthorn
10%
No matching quizzes found
Score Distribution
Percent of People with Each Score
Percentile by Number Answered
Your Score History
You have not taken this quiz